00692nam a2200169Ia 4500008004100000020001800041041000800059082001800067100007600085245013400161250000600295260004100301300001400342650000900356999001900365952013800384210716s2010 xx 000 0 und d a9788126526321 aeng a005.2768 GOUM aGousset, Mickey; Keller, Brian; Krishnamoorthy, Ajoy; Woodward, Martin. aProfessional: application lifecycle management with visual studio 2010.bApplication lifecycle management with visual studio 2010 a1 aNew DelhibWiley India Pvt Ltdc2010 axxxix,655 aNone c191272d191272 001040708MCAaAIMITbAIMITeHigginbothams Pvt Ltdg599.00l0o005.2768 GOUMpMCA10780r2026-05-23 00:00:00v449.25w2021-07-16yBK